| 000 -LEADER |
| fixed length control field |
00849cam a22002777a 4500 |
| 020 ## - INTERNATIONAL STANDARD BOOK NUMBER |
| ISBN |
1465401962 |
| 020 ## - INTERNATIONAL STANDARD BOOK NUMBER |
| ISBN |
9781465401960 |
| 040 ## - CATALOGING SOURCE |
| Transcribing agency |
YDXCP |
| 082 04 - DEWEY DECIMAL CLASSIFICATION NUMBER |
| Classification number |
635 DKP 2013 A051 Or. |
| 100 1# - MAIN ENTRY--AUTHOR NAME |
| Personal name |
Akeroyd, Simon. |
| 245 10 - TITLE STATEMENT |
| Title |
Growing vegetables / |
| 246 3# - VARYING FORM OF TITLE |
| Title proper/short title |
Get started growing vegetables |
| 246 14 - VARYING FORM OF TITLE |
| Title proper/short title |
DK get started growing vegetables |
| 250 ## - EDITION STATEMENT |
| Edition statement |
1st American ed. |
| 260 ## - PUBLICATION, DISTRIBUTION, ETC. (IMPRINT) |
| Place of publication |
New York : |
| Name of publisher |
DK Pub., |
| Year of publication |
2013. |
| 300 ## - PHYSICAL DESCRIPTION |
| Number of Pages |
192 p. : |
| Other physical details |
col. ill. ; |
| Dimensions |
23 cm. |
| 490 1# - SERIES STATEMENT |
| Series statement |
DK Get Started |
| 500 ## - GENERAL NOTE |
| General note |
At head of title: Get started. |
| 500 ## - GENERAL NOTE |
| General note |
Statement of responsibility from t.p. verso. |
| 500 ## - GENERAL NOTE |
| General note |
"Learn something new"--Cover. |
| 500 ## - GENERAL NOTE |
| General note |
Includes index. |
| 650 #0 - SUBJECT ADDED ENTRY--TOPICAL TERM |
| Topical Term |
Vegetable gardening. |
| 650 #0 - SUBJECT ADDED ENTRY--TOPICAL TERM |
| Topical Term |
Organic gardening. |
| 856 42 - ELECTRONIC LOCATION AND ACCESS |
| Uniform Resource Identifier |
http://www.loc.gov/catdir/enhancements/fy1307/2012289659-d.html |
| 942 ## - ADDED ENTRY ELEMENTS (KOHA) |
| Koha item type |
សៀវភៅភាសាអង់គ្លេស |
| 952 ## - LOCATION AND ITEM INFORMATION (KOHA) |
| Withdrawn status [LOCAL, KOHA] |
0 |